| 000 | 00432nam a22001457a 4500 | ||
|---|---|---|---|
| 005 | 20171205165539.0 | ||
| 008 | 171205b xxu||||| |||| 00| 0 eng d | ||
| 020 | _a81-9000-54-1-3 | ||
| 041 | _aeng | ||
| 100 |
_aSARKAR, DR. S.K. _94007 |
||
| 245 |
_aFLAMEPROFF EQUIPMENT _b(design construction,certification use and maintenance) _cDR. S.K. SARKAR |
||
| 260 |
_aDHANBAD _bSCIENTIFIC MINING PUBLISHERS |
||
| 300 | _a168p, | ||
| 942 | _cBK | ||
| 999 |
_c5661 _d5659 |
||